|
|
|
|
| LEADER |
01245nam a2200349 4500 |
| 001 |
000024559 |
| 003 |
21047 |
| 005 |
20161214091237.0 |
| 008 |
161214s2013 engsd |
| 020 |
|
|
|a 0078029333 (alk. paper)
|a 9780078029332 (alk. paper)
|
| 041 |
0 |
|
|a eng
|
| 082 |
1 |
4 |
|a 658
|b BA-T
|
| 100 |
1 |
|
|a Bateman, Thomas S.
|q (Laura Ann)
|
| 245 |
1 |
0 |
|a Management
|b leading & collaborating in a competitive world
|c Thomas S. Bateman, Scott A. Snell.
|
| 250 |
|
|
|a 10th ed.
|
| 260 |
|
|
|a New York
|b McGraw-Hill Irwin
|c 2013.
|
| 300 |
|
|
|a xxxii, 671 p.
|b col. ill.
|c 29 cm.
|
| 504 |
|
|
|a Includes bibliographical references and indexes.
|
| 650 |
|
0 |
|a Management.
|
| 653 |
|
|
|a Quản lý
|
| 700 |
1 |
|
|a Snell, Scott
|d 1958-
|d 1906-1998.
|d 1947-
|q (Sandra M.)
|
| 700 |
1 |
|
|d 1957-
|q (Margaret M.)
|
| OWN |
|
|
|a LSP
|
| AVA |
|
|
|a UDN50
|b LSP
|d 658 BA-T
|e available
|t Error 5001 Not defined in file expand_doc_bib_avail.
|f 1
|g 0
|h N
|i 0
|k 1
|
| 999 |
|
|
|a From the UDN01
|
| AVA |
|
|
|a UDN50
|b LSP
|d 658 BA-T
|e available
|t Error 5001 Not defined in file expand_doc_bib_avail.
|f 1
|g 0
|h N
|i 0
|k 1
|
| TYP |
|
|
|a Monograph
|
| TYP |
|
|
|a Printed language
|
| 980 |
|
|
|a Mạng thư viện Đại học Đà Nẵng
|